000 00414nam a22001577a 4500
005 20231117102438.0
008 231117b |||||||| |||| 00| 0 eng d
041 _aAfrikaans
082 _a343.4 VER
100 _lAfrikaans
245 _aVerkoopbelasting: Algemene Gids
260 _c1980
300 _b105 pages ;
_c30 cm.
650 _aLegal practice
_bLaw
942 _cBK
_6ALISON_BN_VRIES
999 _c762
_d762